Deutschland: Geografie mit W - Statistiken

Allgemein
  • Dieses Quiz wurde 399 mal gespielt
  • Das Durchschnittsergebnis liegt bei 12 aus 16
Antwortstatistiken
Hinweis Antwort % Korrekt
Stadt, in der sich der Sitz des Volkswagen-Konzerns befindet Wolfsburg
97%
Stadt in NRW mit dem KFZ-Kennzeichen "W", berühmt für ihre Schwebebahn Wuppertal
97%
Häufigstes in Deutschland angebautes Getreide, aus dem vor allem in Bayern auch Bier gebraut wird Weizen
96%
Die von den Gezeiten geprägte Küstenlandschaft der Nordsee gehört zum UNESCO-Weltnaturerbe {Watten}meer
94%
Die Stadt in Thüringen ist bekannt für die Klassik, die Bauhaus-Architektur und die Republik zwischen 1919 und 1933 Weimar
94%
Zweitgrößte Stadt Hessens Wiesbaden
92%
Burg bei Eisenach in Thüringen, auf der Martin Luther die Bibel übersetzte Wartburg
79%
Einer der größten und bekanntesten Seen Berlins, der von der Havel durchflossen wird und nach dem auch ein Stadtteil benannt ist Wannsee
76%
Großes Mittelgebirge zwischen den Flüssen Rhein, Lahn und Sieg {Wester}wald
72%
Fluss, der sich mit der Fulda zur Weser vereinigt Werra
71%
Sitz des bayerischen Regierungsbezirks Unterfranken Würzburg
64%
Östlichste und zweitkleinste der sieben bewohnten Ostfriesischen Inseln Wangerooge
61%
Der Dom dieser Stadt in Rheinland-Pfalz ist neben dem Mainzer und dem Speyerer Dom einer der drei rheinischen Kaiserdome Worms
60%
Dritthöchster Berg Deutschlands, an dessen Fuß der Königssee liegt Watzmann
55%
Stadtteil von Rostock, der ein beliebtes Seebad ist und über einen Kreuzfahrthafen verfügt Warnemünde
48%
Landschaft im niedersächsischen Kreis Lüchow-Dannenberg, die auch wegen eines Atommülllagers bekannt ist Wendland
18%
Keine übereinstimmenden Quizze gefunden
Verteilung der Resultate
Anzahl Personen mit jedem Resultat
Perzentil nach korrekt beantworteten Fragen
Ihre Resultats-Entwicklung
Sie haben dieses Quiz noch nicht gespielt